000 00524 a2200205 4500
005 20240724145625.0
008 240724b |||||||| |||| 00| 0 eng d
020 _a9788188681471
_cRs. 1650.00
040 _aMAIN
082 _aB.08
_bA84V
100 _aArun
245 _aVishwa ke pramukh itihaas-nirmata
260 _bShalabh Publishing House
_c2020
_aMeerut
300 _a524
650 _aBiographies
650 _aCollective Biography
650 _aHistorical and National
700 _aHemant
942 _cBK
999 _c311215
_d311215